Estadísticas para Etapas del Duelo

Haz click aquí para intentar la prueba.

Estadísticas generales

  • Esta prueba ha sido intentada 30 veces
  • La puntuación promedio es 3 de 5

Estadísticas de respuestas

Etapa% Correcto
Aceptación
97%
Negación
90%
Ira
59%
Depresión
48%
Negociación
45%

Distribución de puntuación

Porcentaje por número respondido

Porcentaje de gente con cada puntuación

Historial de tus puntuaciones

No has intentado esta prueba.